000 01073cab a22002055a 4500
001 L137939
008 070509e20070501xxko f 000 0 eng d
035 _a(Sirsi) u137939
041 0 _aeng
050 0 4 _a711.52 $2 18
110 2 _aBritish Property Federation
_91604
245 0 0 _aFunding regeneration
_ba guide to public sector grants
260 _aLondon
_bBPF
_c2007
520 _aCovers common factors to be taken into account when applying for public sector funding. Suggests courses of action to follow in order to maximise funding. Details the main funding bodies available for development and regeneration. Lists the funds available through these bodies. Covers loans, awards, tax incentives, capital allowances, private finance initiatives, grant and gap funding.
590 _aKA
651 4 _aUnited Kingdom
_y
690 _aPROPERTY-PROPERTY FINANCE AND INVESTMENT
856 4 0 _uhttps://www.bpf.org.uk/en/files/bpf_documents/regeneration/Funding_regeneration_-_a_guide_to_public_sector_grants.pdf
_zView the item for free at www.bpf.org.uk
942 _n0
999 _c106943
_d106943